000 00503nam a2200181Ia 4500
008 090124s9999 xx 000 0 und d
082 _b12088
_a3027
100 _aमिरासदार द.मा.
245 _a विरंगुळा
250 _a1
260 _c1961
300 _a160
600 _aमिरासदार द.मा.
630 _a विरंगुळा
700 _aमिरासदार द.मा.
730 _a विरंगुळा
942 _cBOOK
999 _c126027
_d126027